Statistics for ALL Vehicles In Rocket League

Click here to take the quiz!

General Stats

  • This quiz has been taken 9 times
  • The average score is 20 of 66

Answer Stats

Answer% Correct
Octane
100%
Octane
100%
Breakout
83%
Breakout
83%
Dominus
83%
Dominus
83%
Scarab
83%
Zippy
67%
Fennec
50%
Gizmo
50%
Gizmo
50%
Hotshot
50%
Hotshot
50%
Hotshot
50%
Luigi NSR
50%
Mario NSR
50%
Merc
50%
Merc
50%
Road Hog
50%
Road Hog
50%
Dominus GT
33%
Grog
33%
Mantis
33%
Marauder
33%
Octane ZSR
33%
Paladin
33%
Paladin
33%
Paladin
33%
Proteus
33%
Sweet Tooth
33%
Takumi
33%
Venom
33%
X-Devil
33%
X-Devil
33%
Aftershock
17%
Armadillo
17%
Backfire
17%
Backfire
17%
Diestro
17%
Esper
17%
Hogsticker
17%
Imperator DT5
17%
Ripper
17%
Road Hog XL
17%
Samus' Gunship
17%
Vulcan
17%
Werewolf
17%
Animus GP
0%
Breakout Type-S
0%
Centio V17
0%
Cyclone
0%
Dingo
0%
Ecto-1
0%
Endo
0%
Insidio
0%
Jäger 619 RS
0%
Masumune
0%
Nimbus
0%
Peregrine TT
0%
Samurai
0%
Sentinel
0%
Takumi RX-T
0%
Triton
0%
Twinzer
0%
Tygris
0%
X-Devil Mk2
0%

Score Distribution

Percentile by Number Answered

Percent of People with Each Score

Your Score History

You have not taken this quiz